| 000 | 00577cam a2200205ua 4500 | ||
|---|---|---|---|
| 001 | 2950 | ||
| 005 | 20260515113617.0 | ||
| 008 | 110919n ii |||gr||||Z||||||asm | ||
| 040 | _cMAIN | ||
| 082 | _a920 | ||
| 100 | 1 |
_aMisra, Akshay Kr., _eEditor. |
|
| 245 | 1 | 1 |
_aBanikanta kakati byaktitwa aru krititwa _ced. by Akshay Kr. Misra |
| 250 | _a1st. | ||
| 260 |
_aBarpeta: _bGobardhan Das,994. |
||
| 300 |
_a116p: _c23cm. |
||
| 653 | _aBiography | ||
| 653 | _aBiography of Banikanta kakati byaktitwa aru krititwa | ||
| 700 | 1 |
_aChoudhury, Chittaranjan, _eEditor., |
|
| 942 | _cBK | ||
| 999 |
_c2796 _d2796 |
||